000 00680cam a2200253 4500500
005 20260405003619.0
041 _afre
042 _adc
100 1 0 _aLarmagnac-Matheron, Octave
_eauthor
245 0 0 _aL’animal, si proche, si loin…
260 _c2022.
500 _a8
690 _aAnimal
690 _aBiologie
690 _aHomme
690 _aHumain
690 _aInsecte
690 _aPorc
690 _aPoulpe
690 _aProximité
690 _aSoin
786 0 _nPhilosophie magazine | 165 | 12 | 2022-12-01 | p. 8-9 | 1951-1787
856 4 1 _uhttps://shs.cairn.info/magazine-philosophie-magazine-2022-12-page-8?lang=fr&redirect-ssocas=7080
999 _c2069275
_d2069275